<?xml version="1.0" encoding="UTF-8"?>
<record
    xmlns:xsi="http://www.w3.org/2001/XMLSchema-instance"
    xsi:schemaLocation="http://www.loc.gov/MARC21/slim http://www.loc.gov/standards/marcxml/schema/MARC21slim.xsd"
    xmlns="http://www.loc.gov/MARC21/slim">

  <leader>03570nam a22002657a 4500</leader>
  <controlfield tag="005">20240305165548.0</controlfield>
  <controlfield tag="007">cr||||   |||| </controlfield>
  <controlfield tag="008">200608s2020    es |||||s|||| 00||0 spa d</controlfield>
  <datafield tag="020" ind1=" " ind2=" ">
    <subfield code="a">978-84-121376-7-5</subfield>
  </datafield>
  <datafield tag="035" ind1=" " ind2=" ">
    <subfield code="a">31716</subfield>
  </datafield>
  <datafield tag="040" ind1=" " ind2=" ">
    <subfield code="a">vLex</subfield>
  </datafield>
  <datafield tag="090" ind1=" " ind2=" ">
    <subfield code="c">10574</subfield>
    <subfield code="d">10574</subfield>
  </datafield>
  <datafield tag="100" ind1="1" ind2=" ">
    <subfield code="a">Mart&#xED;nez Rodr&#xED;guez, Jos&#xE9; Antonio</subfield>
  </datafield>
  <datafield tag="245" ind1="1" ind2="0">
    <subfield code="a">Demolici&#xF3;n, reposici&#xF3;n y comiso en los delitos urban&#xED;sticos</subfield>
    <subfield code="h">[Recurso electr&#xF3;nico] /</subfield>
    <subfield code="c">Jos&#xE9; Antonio Mart&#xED;nez Rodr&#xED;guez</subfield>
  </datafield>
  <datafield tag="256" ind1=" " ind2=" ">
    <subfield code="a">Servicio en l&#xED;nea</subfield>
  </datafield>
  <datafield tag="260" ind1=" " ind2=" ">
    <subfield code="a">Barcelona:</subfield>
    <subfield code="b">J.M. Bosch Editor,</subfield>
    <subfield code="c">2020</subfield>
  </datafield>
  <datafield tag="300" ind1=" " ind2=" ">
    <subfield code="a">1 recurso electr&#xF3;nico</subfield>
  </datafield>
  <datafield tag="500" ind1=" " ind2=" ">
    <subfield code="a">Esta monograf&#xED;a gira en torno a las consecuencias jur&#xED;dicas de los delitos sobre la ordenaci&#xF3;n del territorio y el urbanismo regulado en el art&#xED;culo 319.3 CP, despu&#xE9;s de la &#xFA;ltima reforma operada mediante Ley Org&#xE1;nica 1/2015, de 30 de marzo, por la que se modifica la Ley Org&#xE1;nica 10/1995, de 23 de noviembre, del C&#xF3;digo Penal, como es la condena de demolici&#xF3;n de la obra ilegalmente construida, la reposici&#xF3;n a su estado originario de la realidad f&#xED;sica alterada, y el decomiso de las ganancias provenientes del delito urban&#xED;stico cualesquiera que sean las transformaciones. En este trabajo se hace un estudio en profundidad del bien jur&#xED;dico protegido, del principio de intervenci&#xF3;n m&#xED;nima o &#xFA;ltima ratio y la responsabilidad civil ante la demolici&#xF3;n. Asimismo, tambi&#xE9;n se aborda de manera minuciosa la ejecuci&#xF3;n de las sentencias por la comisi&#xF3;n de los delitos urban&#xED;sticos contenidos en los apartados primero y segundo del art&#xED;culo 319 CP, la inactividad de la administraci&#xF3;n, y los plazos para la ejecuci&#xF3;n de la demolici&#xF3;n dictada por sentencia firme en la jurisdicci&#xF3;n penal o en el procedimiento de restauraci&#xF3;n de la legalidad urban&#xED;stica. Como novedad se hace un an&#xE1;lisis jur&#xED;dico sobre la instituci&#xF3;n de la figura de la declaraci&#xF3;n de Asimilado a Fuera de Ordenaci&#xF3;n (AFO), despu&#xE9;s de la aprobaci&#xF3;n por el gobierno andaluz del Decreto Ley 3/2019, de 24 de septiembre, de medidas urgentes para la adecuaci&#xF3;n ambiental y territorial de las edificaciones irregulares en la Comunidad Aut&#xF3;noma de Andaluc&#xED;a, donde esta normativa viene a regular el tratamiento de las edificaciones irregulares sobre las que ya no cabe adoptar legalmente medidas de restablecimiento del orden jur&#xED;dico perturbado y de ejercicio de la potestad de protecci&#xF3;n de la legalidad urban&#xED;stica por haber trascurrido los plazos establecidos. Y finalmente se realiza un estudio minucioso de todo el iter cronol&#xF3;gico judicial en lo referente al periplo que rodea la construcci&#xF3;n del colosal hotel &#x93;El Algarrobico&#x94;. Por ello, en base al contenido cient&#xED;fico, a la jurisprudencia estudiada y plasmada en este trabajo, as&#xED; como a la prolija bibliograf&#xED;a referenciada, este estudio es un instrumento id&#xF3;neo para aquellas personas que operan cada d&#xED;a en la aplicaci&#xF3;n e interpretaci&#xF3;n de los tipos delictivos cometidos sobre la ordenaci&#xF3;n del territorio y el urbanismo.</subfield>
  </datafield>
  <datafield tag="506" ind1="1" ind2=" ">
    <subfield code="a">Disponible solo en los productos indicados</subfield>
    <subfield code="d">vLex Global</subfield>
    <subfield code="d">vLex Global (Academic Edition, excluding Law Schools)</subfield>
    <subfield code="d">vLex Global (U.S. Academic Edition, Law Schools)</subfield>
    <subfield code="d">vLex Global (U.S. Academic Edition, excluding Law Schools)</subfield>
    <subfield code="d">vLex Global (Academic Edition, Law Schools)</subfield>
  </datafield>
  <datafield tag="650" ind1="0" ind2="4">
    <subfield code="a">Derecho P&#xFA;blico y Administrativo</subfield>
    <subfield code="z">Espa&#xF1;a</subfield>
  </datafield>
  <datafield tag="650" ind1="0" ind2="4">
    <subfield code="a">Procedimiento Penal</subfield>
    <subfield code="z">Espa&#xF1;a</subfield>
  </datafield>
  <datafield tag="740" ind1="0" ind2=" ">
    <subfield code="a">vLex Libros (Servicio en l&#xED;nea)</subfield>
  </datafield>
  <datafield tag="856" ind1="4" ind2="0">
    <subfield code="u">https://app.vlex.com/#/sources/demolicion-reposicion-y-comiso-en-los-delitos-urbanisticos-31716</subfield>
  </datafield>
  <datafield tag="942" ind1=" " ind2=" ">
    <subfield code="c">RAA</subfield>
  </datafield>
  <datafield tag="952" ind1=" " ind2=" ">
    <subfield code="0">0</subfield>
    <subfield code="1">0</subfield>
    <subfield code="4">0</subfield>
    <subfield code="7">0</subfield>
    <subfield code="8">VLEX</subfield>
    <subfield code="9">326770</subfield>
    <subfield code="a">BD-UIN</subfield>
    <subfield code="b">BD-UIN</subfield>
    <subfield code="d">2024-03-05</subfield>
    <subfield code="l">0</subfield>
    <subfield code="p">31716</subfield>
    <subfield code="r">2024-03-05</subfield>
    <subfield code="w">2024-03-05</subfield>
    <subfield code="y">RAA</subfield>
  </datafield>
  <datafield tag="999" ind1=" " ind2=" ">
    <subfield code="c">168810</subfield>
    <subfield code="d">168810</subfield>
  </datafield>
</record>
